[Event "ISR-ch (Women)"]
[Site "Arad"]
[Date "2022.12.10"]
[Round "6"]
[White "Kochavi, Dana"]
[Black "Kluchik, Julia"]
[Result "1/2-1/2"]
[WhiteElo "2011"]
[BlackElo "1887"]
[PlyCount "97"]
[EventDate "2022.12.05"]
[EventType "tourn"]
[EventRounds "9"]
[EventCountry "ISR"]
[SourceTitle "CBM 211 Extra"]
[Source "ChessBase"]
[SourceDate "2023.01.31"]
[SourceVersion "1"]
[SourceVersionDate "2023.01.31"]
[SourceQuality "1"]

1. e4 e5 2. Nf3 Nc6 3. Bb5 a6 4. Ba4 Nf6 5. 0-0 Nxe4 6. d4 b5 7. Bb3 d5 8. dxe5 Be6 9. c3 Bc5 10. Nbd2 0-0 11. Bc2 Nxf2 12. Rxf2 Bxf2+ 13. Kxf2 f6 14. exf6 Qxf6 15. Kg1 Rae8 16. Nf1 Ne5 17. Be3 Nxf3+ 18. Qxf3 Qxf3 19. gxf3 Rxf3 20. Bc5 Bh3 21. Ng3 g6 22. Rd1 Re6 23. Bd3 Bg4 24. Rd2 h5 25. Bf2 c5 26. Bc2 h4 27. Nf1 Bh3 28. Bd3 c4 29. Be2 Rf5 30. Ne3 Rg5+ 31. Kh1 Rge5 32. Bf3 Rxe3 33. Bxd5 Rd3 34. Bxe6+ Bxe6 35. Re2 Bg4 36. Re1 h3 37. Be3 Rd1 38. Rxd1 Bxd1 39. Kg1 Kf7 40. Kf2 Ke6 41. Kg3 Kf5 42. Kxh3 Ke4 43. Bc5 Kd3 44. Kg3 Kc2 45. a4 Kxb2 46. axb5 Ba4 47. bxa6 Kxc3 48. a7 Bc6 49. Kf4 1/2-1/2

[Event "EU-ch (Women) 10th"]
[Site "St Petersburg"]
[Date "2009.03.19"]
[Round "11"]
[White "Baciu, Diana"]
[Black "Kluchik, Julia"]
[Result "1-0"]
[WhiteElo "2107"]
[BlackElo "1953"]
[PlyCount "95"]
[EventDate "2009.03.08"]
[EventType "swiss"]
[EventRounds "11"]
[EventCountry "RUS"]
[SourceTitle "CBM 129 Extra"]
[Source "ChessBase"]
[SourceDate "2009.05.05"]
[SourceVersion "2"]
[SourceVersionDate "2009.05.20"]
[SourceQuality "1"]

1. e4 c5 2. Nf3 Nc6 3. Bb5 Qc7 4. 0-0 Nf6 5. Re1 d6 6. h3 Bd7 7. c3 e5 8. d4 Be7 9. dxc5 dxc5 10. Qc2 0-0 11. Be3 a6 12. Bf1 Rad8 13. Nbd2 Be6 14. Red1 h6 15. Nb3 b6 16. Bxa6 c4 17. Nbd2 Nb8 18. Bb5 Rd3 19. b3 Rxe3 20. fxe3 Qc5 21. Bxc4 Qxe3+ 22. Kh1 Nh5 23. Nf1 Qf4 24. Bxe6 fxe6 25. Re1 g5 26. Qd2 Ng3+ 27. Nxg3 Qxg3 28. Rf1 h5 29. Qe1 Qxe1 30. Raxe1 Nc6 31. Rd1 Rf7 32. Rd7 g4 33. Nd2 Rg7 34. Rc7 Nd8 35. Nc4 gxh3 36. gxh3 Kh8 37. Rxe7 Rxe7 38. Rf8+ Kh7 39. Rxd8 Rf7 40. Nxe5 Rf2 41. a4 Re2 42. Rd4 Re3 43. Rd3 Rxe4 44. Nd7 Re1+ 45. Kg2 e5 46. Nxb6 e4 47. Rd2 e3 48. Ra2 1-0

[Event "EU-ch (Women) 10th"]
[Site "St Petersburg"]
[Date "2009.03.14"]
[Round "7"]
[White "Efremova, Daria"]
[Black "Kluchik, Julia"]
[Result "0-1"]
[WhiteElo "1910"]
[BlackElo "1953"]
[PlyCount "86"]
[EventDate "2009.03.08"]
[EventType "swiss"]
[EventRounds "11"]
[EventCountry "RUS"]
[SourceTitle "CBM 129 Extra"]
[Source "ChessBase"]
[SourceDate "2009.05.05"]
[SourceVersion "2"]
[SourceVersionDate "2009.05.20"]
[SourceQuality "1"]

1. e4 g6 2. d4 Bg7 3. Nc3 d6 4. Bc4 Nf6 5. Be3 0-0 6. f3 c6 7. Qd2 d5 8. Bb3 dxe4 9. fxe4 Ng4 10. 0-0-0 Nxe3 11. Qxe3 b5 12. Nf3 Bg4 13. Rhf1 Bxf3 14. Rxf3 Nd7 15. g4 Qb6 16. Qf2 e6 17. g5 c5 18. dxc5 Nxc5 19. Qh4 Rfd8 20. Rdf1 b4 21. Ne2 Qd6 22. Qf4 Qxf4+ 23. Rxf4 Rd7 24. h4 Rc8 25. Bc4 Rdc7 26. Kb1 Nxe4 27. Rxe4 Rxc4 28. Rxc4 Rxc4 29. Rh1 Re4 30. Nc1 h6 31. h5 gxh5 32. gxh6 Bxh6 33. Rxh5 Kg7 34. Nd3 Rg4 35. a3 bxa3 36. bxa3 f5 37. Kb2 Kg6 38. Rh1 Bg7+ 39. Kb3 e5 40. c4 Rg3 41. Kc2 Kf7 42. Rb1 e4 43. Rb7+ Kg8 0-1

[Event "Chigorin Memorial 16th"]
[Site "St Petersburg"]
[Date "2008.10.05"]
[Round "2"]
[White "Slugin, Sergey"]
[Black "Kluchik, Julia"]
[Result "1-0"]
[WhiteElo "2431"]
[BlackElo "1951"]
[PlyCount "87"]
[EventDate "2008.10.03"]
[EventType "swiss"]
[EventRounds "9"]
[EventCountry "RUS"]
[SourceTitle "CBM 126 Extra"]
[Source "ChessBase"]
[SourceDate "2008.11.05"]
[SourceVersion "1"]
[SourceVersionDate "2008.11.05"]
[SourceQuality "1"]

1. d4 g6 2. e4 c6 3. Nc3 d5 4. h3 Bg7 5. Nf3 dxe4 6. Nxe4 Nd7 7. Bd3 Ngf6 8. Qe2 0-0 9. Bg5 Nxe4 10. Qxe4 Nf6 11. Qh4 Qa5+ 12. Bd2 Qh5 13. Qf4 Nd5 14. Qh2 Bh6 15. 0-0-0 Bxd2+ 16. Rxd2 Nb4 17. Bc4 Qa5 18. a3 Bf5 19. Re1 Nd5 20. g4 Bd7 21. Qg3 b5 22. Bxd5 cxd5 23. Rxe7 b4 24. Ne5 Ba4 25. axb4 Qxb4 26. Qa3 Qb5 27. b3 Qf1+ 28. Kb2 Bb5 29. Qd6 Rac8 30. g5 Qxh3 31. f3 Qf5 32. Ng4 Qxg5 33. Rh2 h5 34. Nf6+ Kg7 35. Nxh5+ gxh5 36. Re5 Qg6 37. Qxd5 Bc6 38. Qa5 f6 39. Rexh5 Bxf3 40. Qxa7+ Rf7 41. Rh7+ Kg8 42. Rh8+ Kg7 43. R2h7+ Qxh7 44. Rxh7+ 1-0

[Event "EU-ch U14 Girls 18th"]
[Site "Herceg Novi"]
[Date "2008.09.17"]
[Round "3"]
[White "Kluchik, Julia"]
[Black "Efroimski, Marsel"]
[Result "0-1"]
[WhiteElo "1956"]
[BlackElo "2091"]
[PlyCount "73"]
[EventDate "2008.09.15"]
[EventType "swiss"]
[EventRounds "9"]
[EventCountry "MNE"]
[SourceTitle "CBM 126 Extra"]
[Source "ChessBase"]
[SourceDate "2008.11.05"]
[SourceVersion "1"]
[SourceVersionDate "2008.11.05"]
[SourceQuality "1"]

1. e4 e6 2. d4 d5 3. Nc3 Nf6 4. Bg5 dxe4 5. Nxe4 Be7 6. Nxf6+ Bxf6 7. Bxf6 Qxf6 8. Nf3 c5 9. c3 0-0 10. Bd3 cxd4 11. Nxd4 e5 12. Ne2 Qe7 13. 0-0 Nc6 14. Ng3 f5 15. f3 g6 16. Re1 Qc5+ 17. Kh1 Be6 18. Qe2 e4 19. fxe4 f4 20. Nf1 Ne5 21. Nd2 Rad8 22. Bc2 Bg4 23. Nf3 Nxf3 24. gxf3 Rd2 25. b4 Rxe2 26. Bb3+ Kg7 27. bxc5 Bxf3+ 28. Kg1 Rg2+ 29. Kf1 Rxh2 30. Bd5 Rc8 31. Rab1 Rxc5 32. Rxb7+ Kh6 33. Rb3 Rxa2 34. c4 Bg2+ 35. Kg1 g5 36. Rb7 f3 37. Reb1 0-1

[Event "St Petersburg-ch (Women)"]
[Site "St Petersburg"]
[Date "2008.05.19"]
[Round "8"]
[White "Solovjova, Valentina"]
[Black "Kluchik, Julia"]
[Result "1-0"]
[WhiteElo "2275"]
[BlackElo "1961"]
[PlyCount "87"]
[EventDate "2008.05.12"]
[EventType "tourn"]
[EventRounds "9"]
[EventCountry "RUS"]
[SourceTitle "CBM 124 Extra"]
[Source "ChessBase"]
[SourceDate "2008.07.03"]
[SourceVersion "1"]
[SourceVersionDate "2008.07.03"]
[SourceQuality "1"]

1. e4 c5 2. Nf3 Nc6 3. c3 d5 4. exd5 Qxd5 5. d4 cxd4 6. cxd4 e6 7. Nc3 Qd8 8. Bb5 Nf6 9. Qa4 Bd7 10. Ne5 Qc7 11. Nxd7 Qxd7 12. Be3 Be7 13. 0-0 0-0 14. Rfd1 Nd5 15. Nxd5 exd5 16. Rac1 Rfc8 17. h3 Qd6 18. Be2 Bd8 19. Bg4 Rcb8 20. Bf3 Bc7 21. g3 Qg6 22. Kg2 Re8 23. Qc2 Qe6 24. Qb3 Qg6 25. Bxd5 Rad8 26. Bf3 Bb6 27. Qc3 Ne7 28. Bf4 Nf5 29. d5 Nh4+ 30. Kg1 Nxf3+ 31. Qxf3 Qf5 32. Kg2 Qf6 33. Bc7 Qxf3+ 34. Kxf3 Rd7 35. Bxb6 axb6 36. d6 f6 37. Rc7 Red8 38. Rxd7 Rxd7 39. Ke4 Kf7 40. Kd5 h6 41. Rc1 Ke8 42. Rc8+ Kf7 43. Rc7 Ke8 44. Ke6 1-0

[Event "St Petersburg-ch (Women)"]
[Site "St Petersburg"]
[Date "2008.05.17"]
[Round "6"]
[White "Sokolova, Vera Evgenyevna"]
[Black "Kluchik, Julia"]
[Result "1-0"]
[WhiteElo "2057"]
[BlackElo "1961"]
[PlyCount "57"]
[EventDate "2008.05.12"]
[EventType "tourn"]
[EventRounds "9"]
[EventCountry "RUS"]
[SourceTitle "CBM 124 Extra"]
[Source "ChessBase"]
[SourceDate "2008.07.03"]
[SourceVersion "1"]
[SourceVersionDate "2008.07.03"]
[SourceQuality "1"]

1. e4 c6 2. d4 g6 3. c4 d5 4. exd5 cxd5 5. Nc3 Nf6 6. Qb3 Bg7 7. cxd5 0-0 8. Be2 Nbd7 9. Bf3 Nb6 10. Nge2 Bg4 11. Bxg4 Nxg4 12. a4 Nf6 13. Nf4 a5 14. 0-0 Qd6 15. Nb5 Qd8 16. d6 exd6 17. Rd1 Re8 18. h3 Ne4 19. Nc3 Nxc3 20. bxc3 Qc7 21. Rb1 Ra6 22. Nd5 Nxd5 23. Qxd5 Rc6 24. Qb5 Re7 25. Bg5 f6 26. Bd2 Kf8 27. Rb3 b6 28. Rdb1 Re2 29. Qxe2 1-0

[Event "St Petersburg March op"]
[Site "St Petersburg"]
[Date "2008.03.28"]
[Round "7"]
[White "Kluchik, Julia"]
[Black "Androsov, Sergey"]
[Result "1/2-1/2"]
[WhiteElo "1961"]
[BlackElo "2097"]
[PlyCount "53"]
[EventDate "2008.03.22"]
[EventType "swiss"]
[EventRounds "9"]
[EventCountry "RUS"]
[SourceTitle "EXT 2010"]
[Source "ChessBase"]
[SourceDate "2010.11.25"]
[SourceVersion "1"]
[SourceVersionDate "2010.11.25"]
[SourceQuality "1"]

1. e4 e5 2. Nf3 d6 3. d4 exd4 4. Nxd4 Nf6 5. Nc3 Be7 6. Bc4 0-0 7. 0-0 c6 8. Bf4 b5 9. Bd3 a6 10. Re1 c5 11. Nf3 Nc6 12. Nd5 Bg4 13. c3 Ne5 14. Nxf6+ Bxf6 15. Be2 Bxf3 16. Bxf3 Nxf3+ 17. Qxf3 Be5 18. Rad1 Qe7 19. Rd5 Rad8 20. Red1 c4 21. Bxe5 dxe5 22. Qf5 g6 23. Qg4 Rxd5 24. Rxd5 Rd8 25. Qd1 Rxd5 26. Qxd5 Kg7 27. g3 1/2-1/2

[Event "St Petersburg March op"]
[Site "St Petersburg"]
[Date "2008.03.26"]
[Round "5"]
[White "Kluchik, Julia"]
[Black "Maevsky, Nikolay"]
[Result "0-1"]
[WhiteElo "1961"]
[BlackElo "2143"]
[PlyCount "62"]
[EventDate "2008.03.22"]
[EventType "swiss"]
[EventRounds "9"]
[EventCountry "RUS"]
[SourceTitle "EXT 2010"]
[Source "ChessBase"]
[SourceDate "2010.11.25"]
[SourceVersion "1"]
[SourceVersionDate "2010.11.25"]
[SourceQuality "1"]

1. Nf3 Nf6 2. b3 g6 3. Bb2 Bg7 4. e3 0-0 5. Be2 d6 6. d4 Nbd7 7. 0-0 c5 8. d5 Rb8 9. c4 a6 10. a4 Qc7 11. Nc3 Re8 12. Qd2 Nf8 13. Rad1 Bg4 14. Nh4 Bxe2 15. Qxe2 Rbd8 16. Nf3 N8d7 17. Qc2 Nb6 18. Rfe1 e5 19. e4 Rf8 20. Ne2 Nc8 21. Bc1 Rde8 22. Ng3 h6 23. Nh4 Nd7 24. Qe2 Ne7 25. Qg4 Kh7 26. Rd3 Nf6 27. Qd1 Qd7 28. Rf3 Qg4 29. Qd2 Qxh4 30. h3 Nh5 31. Nf1 f5 0-1

[Event "St Petersburg March op"]
[Site "St Petersburg"]
[Date "2008.03.24"]
[Round "3"]
[White "Stroganov, Anatoly"]
[Black "Kluchik, Julia"]
[Result "0-1"]
[WhiteElo "1946"]
[BlackElo "1961"]
[PlyCount "92"]
[EventDate "2008.03.22"]
[EventType "swiss"]
[EventRounds "9"]
[EventCountry "RUS"]
[SourceTitle "EXT 2010"]
[Source "ChessBase"]
[SourceDate "2010.11.25"]
[SourceVersion "1"]
[SourceVersionDate "2010.11.25"]
[SourceQuality "1"]

1. d4 g6 2. c4 c6 3. Nc3 d5 4. cxd5 cxd5 5. Nf3 Bg7 6. g3 Nc6 7. Bg2 Nh6 8. Bxh6 Bxh6 9. 0-0 0-0 10. h3 Bg7 11. e3 e6 12. Qe2 Bd7 13. Rfd1 Qe7 14. Rac1 Rac8 15. Nd2 Na5 16. a3 b6 17. Rc2 Ba4 18. Rdc1 Bxc2 19. Rxc2 Nc4 20. Nxc4 Rxc4 21. Qd2 Rfc8 22. h4 b5 23. Bf1 R4c7 24. Bxb5 Qd6 25. f4 Qb6 26. Be2 Bf8 27. Bd3 Rc6 28. h5 Qb3 29. hxg6 hxg6 30. Qh2 Bxa3 31. Qh6 Bf8 32. Qh3 Rxc3 33. Bxg6 fxg6 34. Qxe6+ Kg7 35. Qd7+ Kf6 36. g4 Be7 37. f5 Rxc2 38. Qe6+ Kg5 39. Qxg6+ Kh4 40. Qh6+ Kxg4 41. Qf4+ Kh5 42. Qf3+ Kh6 43. Qh3+ Kg7 44. Qg3+ Kf8 45. Qe5 Rc1+ 46. Kh2 Qb8 0-1

[Event "Moscow op-C 04th (Women)"]
[Site "Moscow"]
[Date "2008.02.06"]
[Round "5"]
[White "Sazonova, Elena"]
[Black "Kluchik, Julia"]
[Result "1-0"]
[WhiteElo "2183"]
[BlackElo "2002"]
[PlyCount "89"]
[EventDate "2008.02.02"]
[EventType "swiss"]
[EventRounds "9"]
[EventCountry "RUS"]
[SourceTitle "CBM 122 Extra"]
[Source "ChessBase"]
[SourceDate "2008.03.04"]
[SourceVersion "1"]
[SourceVersionDate "2008.03.04"]
[SourceQuality "1"]

1. e4 c6 2. d4 d5 3. e5 Bf5 4. Nf3 e6 5. Be2 Nd7 6. 0-0 Ne7 7. c4 dxc4 8. Bxc4 Nd5 9. Nc3 Be7 10. Qe2 0-0 11. Nd2 Nb4 12. Nde4 Nb6 13. Rd1 Nxc4 14. Qxc4 Nd5 15. Qe2 Qc7 16. Bg5 Nxc3 17. bxc3 Bxe4 18. Bxe7 Qxe7 19. Qxe4 Rad8 20. Rd3 h6 21. Rb1 Qa3 22. Qe2 Qa6 23. Qd2 Rd7 24. Rg3 Kh8 25. Re1 Qb6 26. h3 c5 27. Rg4 Rfd8 28. Ree4 cxd4 29. cxd4 Qb1+ 30. Kh2 Rc8 31. Qf4 Rc1 32. a4 Rdc7 33. Rxg7 Kxg7 34. Qf6+ Kh7 35. Rg4 Rh1+ 36. Kg3 Qg6 37. Rxg6 fxg6 38. Qxe6 Rc3+ 39. f3 Rd1 40. d5 g5 41. Qf7+ Kh8 42. d6 Rcd3 43. Kg4 Rd4+ 44. Kh5 Rxa4 45. Kg6 1-0

[Event "St Petersburg-ch U18 Girls"]
[Site "St Petersburg"]
[Date "2007.10.12"]
[Round "8"]
[White "Manina, Ksenia"]
[Black "Kluchik, Julia"]
[Result "1-0"]
[WhiteElo "1995"]
[BlackElo "2049"]
[PlyCount "51"]
[EventDate "2007.10.05"]
[EventType "swiss"]
[EventRounds "9"]
[EventCountry "RUS"]
[SourceTitle "EXT 2009"]
[Source "ChessBase"]
[SourceDate "2008.11.26"]
[SourceVersion "1"]
[SourceVersionDate "2008.11.26"]
[SourceQuality "1"]

1. e4 c6 2. d4 d5 3. f3 e6 4. Nc3 Bb4 5. Bf4 Ne7 6. Qd3 b6 7. Nge2 a5 8. 0-0-0 Ba6 9. Qe3 Nd7 10. h4 Bxc3 11. Qxc3 0-0 12. a3 Ra7 13. h5 Rb7 14. Bd6 Nf6 15. e5 Ne8 16. Bxe7 Qxe7 17. Qxc6 Nc7 18. Kb1 Rbb8 19. Qc3 h6 20. g4 Nb5 21. Qe3 Qg5 22. Qg1 f5 23. exf6 Qxf6 24. f4 Kh8 25. Qe3 Nd6 26. g5 1-0

[Event "EU-ch U14 Girls 17th"]
[Site "Sibenik"]
[Date "2007.09.17"]
[Round "4"]
[White "Lefevre, Margaux"]
[Black "Kluchik, Julia"]
[Result "0-1"]
[WhiteElo "1889"]
[BlackElo "2049"]
[PlyCount "66"]
[EventDate "2007.09.14"]
[EventType "swiss"]
[EventRounds "9"]
[EventCountry "CRO"]
[SourceTitle "CBM 120 Extra"]
[Source "ChessBase"]
[SourceDate "2007.11.01"]
[SourceVersion "1"]
[SourceVersionDate "2007.11.01"]
[SourceQuality "1"]

1. e4 c6 2. d4 d5 3. e5 Bf5 4. Nf3 e6 5. Be2 Nd7 6. 0-0 Ne7 7. b3 c5 8. Na3 Nc6 9. c4 dxc4 10. Nxc4 Nb6 11. Bb2 Nxc4 12. Bxc4 Be7 13. d5 exd5 14. Bxd5 Qc7 15. Qe2 0-0 16. a3 Rad8 17. Rfd1 Qc8 18. Qc4 a6 19. Rac1 b5 20. Qf4 Be6 21. Bxe6 Qxe6 22. Qe3 Rd5 23. Rxd5 Qxd5 24. h3 Rd8 25. Qc3 Nd4 26. Nxd4 cxd4 27. Qd3 Qxe5 28. b4 Bf6 29. Kf1 Qh2 30. Rc5 Qh1+ 31. Ke2 Qxg2 32. Bxd4 Qa8 33. Rh5 g6 0-1